Word Ladder: Best Picture of 2012 Quiz Stats

Quiz Updated Sep 27, 2015

Challenge
Share
Tweet
Embed
Score 0/32 Timer 03:00
0 Plays Today
Hint 4-Letter Word % Correct
Female spouseWIFE
97.1%
★ Nominee: ____ of Pi ★LIFE
97.1%
Allow someone to borrowLEND
94.9%
Period of abstinence before EasterLENT
94.7%
Former Tonight Show host JayLENO
94.6%
Queue of waiting peopleLINE
94.5%
A place to sitSEAT
94.2%
Had delivered by mailSENT
94.2%
Party game: Truth or ____DARE
94.1%
Loser to tortoiseHARE
93.8%
Moving air currentWIND
92.7%
Not thereHERE
91.5%
Kill violentlySLAY
90.8%
★ Nominee: Silver Linings ____+[Rung 26] ★PLAY
90.7%
Venetian blind componentSLAT
90.2%
Tree trunk and branch coveringBARK
89.4%
Hint 4-Letter Word % Correct
Super Mario ____BROS.
89.4%
★ Nominee: [Rung 18] ____ Thirty ★DARK
89.2%
★ Nominee: Silver Linings [Rung 1]+____BOOK
89.1%
Swedish opera singer JennyLIND
88.2%
Lovich or NystrømLENE
86.7%
Derisive chants at sporting eventsBOOS
85.6%
NYC term for submarine sandwichHERO
85.4%
★ Nominee: ____ [Rung 23] Thirty ★ZERO
81.6%
Swedish chef exclamationBORK!
79.6%
Greek god of loveEROS
79%
★ Nominee: Beasts of the Southern ____WILD
75.4%
Devious or cunning stratagemWILE
75%
Pre-Socratic Greek philosopherZENO
73.8%
Therefore, henceERGO
64.3%
Units of energy and mechanical work ERGS
63.5%
★★ Best Picture: ____ ★★ARGO
61.5%

Today's Daily Dose

Word Ladder
'90s Movies

Quick Pick
'Fire' Movies

On This Day
June 19th II

You're not logged in!

Compare scores with friends on all Sporcle quizzes.
Join for Free
OR
Log In

You Might Also Like...

Show Comments

Extras

Top Quizzes Today


Score Distribution

Your Account Isn't Verified!

In order to create a playlist on Sporcle, you need to verify the email address you used during registration. Go to your Sporcle Settings to finish the process.

Report this User

Report this user for behavior that violates our Community Guidelines.

Details: